| 000 | 01223cam a2200289 4500 | ||
|---|---|---|---|
| 008 | 090401t1993 xxu||||| |||| 00| 0 eng d | ||
| 020 | _a0851219721 | ||
| 035 | _a(Sirsi) u8565 | ||
| 041 | _aeng | ||
| 050 | _a346.4104342 | ||
| 100 | _aAldridge, Trevor M. | ||
| 245 | _aAldridge`s residential lettings: leasehold enfranchisement, rent control and security of tenure. | ||
| 250 | _a10th ed. | ||
| 260 |
_aLondon _bLongman _c1993 |
||
| 300 | _axxxix,243p. ; 22cm. | ||
| 350 | _a35 | ||
| 490 | _aLongman Practitioner Series | ||
| 520 | _aTenth edition of a standard work, previously entitled Rent Control and Leasehold Enfranchisement, which takes in the provisions of the Leasehold Reform, Housing and Urban Development Act 1993 as well as the current law on security of tenure and rent control. | ||
| 650 | _aLEASEHOLD ENFRANCHISEMENT | ||
| 650 | _aLEASEHOLD REFORM, HOUSING AND URBAN DEVELOPMENT ACT 1993 | ||
| 650 | _aRENT CONTROL | ||
| 650 | _aPROPERTY-RESIDENTIAL PROPERTY-RESIDENTIAL LANDLORD AND TENANT-RESIDENTIAL TENANCIES | ||
| 650 | _aSECURITY OF TENURE | ||
| 690 | _aPROPERTY-RESIDENTIAL PROPERTY-RESIDENTIAL LANDLORD AND TENANT-RESIDENTIAL TENANCIES | ||
| 942 | _n0 | ||
| 948 | _c04/03/1997 | ||
| 999 |
_c86529 _d86529 |
||